Význam orthopoxvirusov po eradikácii kiahní ľudí

Bibliographic Details
Main Authors: Vrtiak, Otto Jaroslav, 1924-2001 (Author), Sokol, Jozef (Author), Mikula, Ivan, 1942- (Author)
Format: Article
Language:Slovak

MARC

LEADER 00000nab a2200000 a 4500
001 vtls010724341
003 SK-MaSNL
005 20260304190111.0
008 250709s1997 xo |||||||||||||||||slo|
035 |a (urnnbn)urn:nbn:sk:snk:ar-a04v1b 
035 |a (uuid)4004613c-2f31-4891-a6c8-0555c1c8498d 
035 |a urn:nbn:sk:snk-ab3oil 
040 |a SNKBUCL  |b slo  |c SNKBUCL  |e AACR2 
041 0 |a slo 
044 |a xo  |c SK 
100 1 |a Vrtiak, Otto Jaroslav,  |d 1924-2001  |4 aut  |9 177804 
245 1 0 |a Význam orthopoxvirusov po eradikácii kiahní ľudí  |c O. J. Vrtiak, Jozef Sokol, I. Mikula 
700 1 |a Sokol, Jozef  |4 aut  |9 284148 
700 1 |a Mikula, Ivan,  |d 1942-  |4 aut  |9 105978 
773 0 |t Infovet : veterinársky odborno-informačný časopis  |g Roč. 4, č. 4 (1997), s. 31-32 
850 |a Slovenská národná knižnica 
852 |a Slovenská národná knižnica 
954 |a odborná, vedecká literatúra pôvodná (slovenská)  |2 lita 
958 |a article1 
958 |a OND 
958 |a EUIPO 
999 |c 3048439  |d 3050369